| 000 | 01298nam a2200193Ia 4500 | ||
|---|---|---|---|
| 003 | Ost | ||
| 005 | 20260507075110.0 | ||
| 008 | 260507s9999||||xx |||||||||||||| ||und|| | ||
| 040 | _cfsecg | ||
| 041 | _aara | ||
| 082 | _a330 | ||
| 100 |
_aاحمد داود، ابراهيم _eمؤلف |
||
| 245 | 0 |
_aمحاضرات في الاقتصاد الجزئي / _c ابراهيم احمد داود |
|
| 260 |
_aالجزائر: _bالمؤسسة الوطنية, _c1984 |
||
| 300 |
_a334 صفحة؛ _c24 سم |
||
| 520 | _aتجد في هذا الكتاب 1- نظرية المستهلك - المنفعة 2- نظرية المستهلك - منحنيات السواء 3 أثر اتلدخل أثر الاحلال وأثر الثمن 4- الطلب -5- العرض -6- الثمن -7- الأثمان في الحياة العملية -8- الانتاج -9- التكاليف -10 الايرادات -11- هيكل السوق وتوازن المؤسسة - المنافسة البحثية 12- هيكل السوق وتوازن المؤسسة : الاحتكار البحث 13- هيكل السوق وتوازن المؤسسة المنافسة الاحتكارية 14- هيكل السوق وتوازن المؤسسة الاحتكار المتعدد -المراجع | ||
| 653 | _aاقتصاد جزئي | ||
| 942 | _cكتاب | ||
| 999 |
_c42865 _d42865 |
||